[Event "HUN-chT U18 2nd"]
[Site "Zalakaros"]
[Date "2018.07.26"]
[Round "2.25"]
[White "Pasti, Aron"]
[Black "Koteljarto, Aron"]
[Result "1-0"]
[WhiteElo "2069"]
[BlackElo "1407"]
[PlyCount "100"]
[EventDate "2018.07.26"]
[EventType "team-swiss"]
[EventRounds "7"]
[EventCountry "HUN"]
[SourceTitle "EXT 2019"]
[Source "ChessBase"]
[SourceDate "2018.10.10"]
[SourceVersion "1"]
[SourceVersionDate "2018.10.10"]
[SourceQuality "1"]

1. e4 c6 2. Nf3 d5 3. Nc3 dxe4 4. Nxe4 Nf6 5. Nxf6+ exf6 6. Bc4 Be7 7. 0-0 0-0 8. h3 Nd7 9. d4 Nb6 10. Bb3 Bd7 11. c3 Qc7 12. Qd3 Rfe8 13. Bd2 Bf8 14. Rfe1 g6 15. Nh4 Bg7 16. Re3 Rxe3 17. fxe3 f5 18. Nf3 Re8 19. a4 Nc8 20. Be1 Be6 21. c4 Bd7 22. Bf2 a6 23. Rd1 Na7 24. Qd2 Rd8 25. d5 c5 26. Rb1 Nc8 27. Bc2 Re8 28. a5 Bh6 29. Re1 Nd6 30. Bg3 Bc8 31. Qc3 Qe7 32. Ba4 Rf8 33. Bxd6 Qxd6 34. Qe5 Rd8 35. Qxd6 Rxd6 36. Ne5 Bg7 37. Nd3 Kf8 38. Re2 f4 39. Nxf4 Ke7 40. Nd3 Bf5 41. Nxc5 Bc8 42. Ne4 Rd8 43. d6+ Kf8 44. Rd2 Bf5 45. Nc5 Bf6 46. Nxb7 Rb8 47. Bc6 Bg5 48. Kf2 Rc8 49. Bf3 Ke8 50. d7+ Kf8 1-0

[Event "HUN-chT2 Szechenyi 1617"]
[Site "Hungary"]
[Date "2016.11.13"]
[Round "4"]
[White "Koteljarto, Aron"]
[Black "Alexandrova, Angelina"]
[Result "1/2-1/2"]
[WhiteElo "1374"]
[BlackElo "1447"]
[PlyCount "102"]
[EventDate "2016.09.25"]
[EventType "team-tourn"]
[EventRounds "11"]
[EventCountry "HUN"]
[SourceTitle "EXT 2021"]
[Source "ChessBase"]
[SourceDate "2020.10.23"]
[SourceVersion "1"]
[SourceVersionDate "2020.10.23"]
[SourceQuality "1"]
[WhiteTeam "Tapolca VSE II"]
[BlackTeam "Keszthely Spartacus"]
[WhiteTeamCountry "HUN"]
[BlackTeamCountry "HUN"]

1. d4 e6 2. Nf3 f5 3. g3 Nf6 4. Bg2 Be7 5. 0-0 0-0 6. c4 d5 7. Qb3 c6 8. Rd1 Ne4 9. Bf4 Nd7 10. Nbd2 Bf6 11. Be5 Bxe5 12. Nxe5 Nxe5 13. dxe5 Qb6 14. e3 g5 15. Qxb6 axb6 16. f4 g4 17. Nxe4 fxe4 18. cxd5 cxd5 19. Rdc1 Bd7 20. a3 Bc6 21. Bf1 Kf7 22. Be2 h5 23. Rc3 Rfc8 24. Rac1 Kg6 25. Bb5 Kf5 26. Bxc6 bxc6 27. Rxc6 Rxc6 28. Rxc6 Rb8 29. Kf2 b5 30. b4 Ra8 31. Rc3 Kg6 32. Ke2 Rh8 33. Rc6 Kf5 34. Rc5 Rb8 35. Kd2 Rb6 36. Rc3 Kg6 37. Kc2 h4 38. Kb2 hxg3 39. hxg3 Rb8 40. Rc2 Rd8 41. Kc3 Rh8 42. Kd4 Rh3 43. Rg2 Rh1 44. Kc5 Ra1 45. Kxb5 Rxa3 46. Re2 Kf5 47. Kc5 Rc3+ 48. Kd6 Rb3 49. Kc5 Rc3+ 50. Kd6 Rb3 51. Kc5 Rc3+ 1/2-1/2

[Event "HUN-chT2 Szechenyi 1617"]
[Site "Hungary"]
[Date "2016.09.25"]
[Round "1"]
[White "Koteljarto, Aron"]
[Black "Balogh, Bence"]
[Result "1-0"]
[WhiteElo "1374"]
[BlackElo "1235"]
[PlyCount "116"]
[EventDate "2016.09.25"]
[EventType "team-tourn"]
[EventRounds "11"]
[EventCountry "HUN"]
[SourceTitle "EXT 2021"]
[Source "ChessBase"]
[SourceDate "2020.10.23"]
[SourceVersion "1"]
[SourceVersionDate "2020.10.23"]
[SourceQuality "1"]
[WhiteTeam "Tapolca VSE II"]
[BlackTeam "Sarvar"]
[WhiteTeamCountry "HUN"]
[BlackTeamCountry "HUN"]

1. d4 d5 2. Nf3 Bf5 3. g3 f6 4. Bg2 Nc6 5. 0-0 Qd6 6. b3 b5 7. Bb2 b4 8. Nbd2 a5 9. e3 Nh6 10. a3 Nf7 11. axb4 Nxb4 12. Ba3 Qb6 13. Bxb4 Qxb4 14. Re1 e6 15. Nh4 Nh6 16. Nxf5 Nxf5 17. c4 c6 18. Ra4 Qb6 19. c5 Qb7 20. Qa1 Qa7 21. b4 Be7 22. Rxa5 Qc7 23. Rxa8+ Bd8 24. Qa7 0-0 25. Qxc7 Bxc7 26. Rxf8+ Kxf8 27. Ra1 Ke7 28. Nb3 e5 29. Bh3 Nh6 30. Na5 Bxa5 31. Rxa5 Kf7 32. Ra6 f5 33. dxe5 Ke6 34. f4 Kd7 35. e6+ Kxe6 36. Rxc6+ Kd7 37. Rxh6 gxh6 38. Bxf5+ Kc6 39. Bxh7 Kb5 40. Bg8 Kxb4 41. Bxd5 Kxc5 42. e4 Kd6 43. f5 Ke7 44. e5 Kd7 45. h4 Ke7 46. g4 Kd7 47. g5 hxg5 48. hxg5 Ke7 49. f6+ Kf8 50. g6 Ke8 51. g7 Kd7 52. g8Q Kc7 53. Qg7+ Kb6 54. f7 Kc5 55. f8Q+ Kxd5 56. Qd7+ Ke4 57. e6 Ke5 58. e7 Ke4 1-0

[Event "HUN-ch U10"]
[Site "Balatonlelle"]
[Date "2016.06.25"]
[Round "2"]
[White "Pasti, Aron"]
[Black "Koteljarto, Aron"]
[Result "1/2-1/2"]
[WhiteElo "1593"]
[BlackElo "1400"]
[PlyCount "95"]
[EventDate "2016.06.24"]
[EventType "swiss"]
[EventRounds "9"]
[EventCountry "HUN"]
[SourceTitle "CBM 173 Extra"]
[Source "ChessBase"]
[SourceDate "2016.08.29"]
[SourceVersion "1"]
[SourceVersionDate "2016.08.29"]
[SourceQuality "1"]

1. e4 c6 2. d4 d5 3. e5 Bf5 4. Bd3 Bxd3 5. Qxd3 e6 6. Nf3 Ne7 7. 0-0 Nd7 8. Bd2 Ng6 9. Kh1 Be7 10. Nc3 0-0 11. Ne2 c5 12. c3 cxd4 13. cxd4 Rc8 14. Rac1 Nb6 15. b3 Qd7 16. Nf4 Nxf4 17. Bxf4 h6 18. g4 Qd8 19. Rxc8 Nxc8 20. Rg1 Bg5 21. Bxg5 hxg5 22. Qe3 g6 23. Nxg5 Kg7 24. Qf4 Qe8 25. Qf6+ Kg8 26. Rg3 Qe7 27. Nh7 Qxf6 28. Nxf6+ Kg7 29. Rh3 Rd8 30. Rc3 Ne7 31. Rc7 Nc6 32. Rxb7 Nxd4 33. Rxa7 Nf3 34. Nd7 d4 35. Kg2 Ne1+ 36. Kf1 Nf3 37. Ke2 Nxh2 38. g5 Rc8 39. Nf6 Rc2+ 40. Kd3 Rxf2 41. Kxd4 Rf5 42. Ra8 Nf3+ 43. Kd3 Nxe5+ 44. Ke4 Rxg5 45. Ne8+ Kh6 46. Ra5 Rg4+ 47. Ke3 Nc6 48. Ra8 1/2-1/2

[Event "HUN-chT U10"]
[Site "Budapest"]
[Date "2015.08.27"]
[Round "3.9"]
[White "Koteljarto, Aron"]
[Black "Bangha, Otto Peter"]
[Result "1/2-1/2"]
[WhiteElo "1410"]
[BlackElo "1427"]
[PlyCount "37"]
[EventDate "2015.08.26"]
[EventType "team-swiss"]
[EventRounds "8"]
[EventCountry "HUN"]
[SourceTitle "EXT 2016"]
[Source "ChessBase"]
[SourceDate "2015.10.08"]
[SourceVersion "1"]
[SourceVersionDate "2015.10.08"]
[SourceQuality "1"]

1. e4 c5 2. Nf3 Nc6 3. d4 cxd4 4. Nxd4 Qb6 5. Nxc6 bxc6 6. Nc3 d6 7. Be2 Nf6 8. 0-0 g6 9. Rb1 Bg7 10. Be3 c5 11. h3 0-0 12. Bc4 Bb7 13. f3 Rfd8 14. Qe2 a5 15. a4 d5 16. exd5 Nxd5 17. Nxd5 Bxd5 18. b3 e6 19. Bb5 1/2-1/2